| 000 | 00783nam a2200253 i 4500 | ||
|---|---|---|---|
| 001 | bg | ||
| 100 | 1 |
_aCYGAŃSKI, Andrzej _d(1927- ). |
|
| 245 | 1 | 0 |
_aChemiczne metody analizy ilościowej / _cAndrzej Cygański. |
| 250 | _aWyd. 4. | ||
| 260 |
_aWarszawa : _bWydawnictwa Naukowo-Techniczne, _c1996. |
||
| 300 |
_a464 s. : _brys., wykr. ; _c21 cm. |
||
| 500 | _aNa okł. błędny ISBN. | ||
| 504 | _aBibliogr. s. 449-452. - Indeks. | ||
| 521 | _aPodręcznik dla studentów wydz. chemii, farmacji i medycyny. | ||
| 650 | 9 | _aChemia analityczna ilościowa | |
| 655 | _aPodręczniki akademickie | ||
| 020 | _a8320420328 | ||
| 040 | _cBPK | ||
| 041 | 0 | _apol | |
| 080 | _a543.062(075.8) | ||
| 920 | _a83-204-2032-8 | ||
| 942 | _cKS | ||
| 008 | s pl f |000 0 pol | ||
| 999 |
_c33075 _d33075 |
||
| 856 |
_uhttp://koha.tu.koszalin.pl/cgi-bin/koha/opac-detail.pl?biblionumber=33075 _yKatalog online BPK |
||